| 000 | 00609nam a2200181Ia 4500 | ||
|---|---|---|---|
| 003 | GCL | ||
| 008 | 140319s9999 xx 000 0 ara d | ||
| 040 |
_aGCL / _cGCL |
||
| 082 | 0 | 4 |
_a239 _bع د |
| 100 | 1 | _aعبدالعليم محمود | |
| 245 | 1 | 0 |
_a"دلائل النبوة""ومعجزات الرسول صلى الله عليه وسلم""" / _cعبدالعليم محمود |
| 260 |
_a[S.N] : _bدار الشعب للطباعة والنشر ، _c1984 |
||
| 300 | _a374 ص | ||
| 490 |
_aكتاب الشعب _v0 |
||
| 650 | 0 | 4 | _aالاسلام |
| 650 | 0 | 4 | _aالسيرة النبوية |
| 942 |
_2ddc _cBK |
||
| 999 |
_c53954 _d53954 |
||